<?xml version="1.0" encoding="UTF-8"?>
<record
    xmlns:xsi="http://www.w3.org/2001/XMLSchema-instance"
    xsi:schemaLocation="http://www.loc.gov/MARC21/slim http://www.loc.gov/standards/marcxml/schema/MARC21slim.xsd"
    xmlns="http://www.loc.gov/MARC21/slim">

  <leader>00935nam a22002657a 4500</leader>
  <controlfield tag="005">20180213161528.0</controlfield>
  <datafield tag="010" ind1=" " ind2=" ">
    <subfield code="a">ENG-106903</subfield>
  </datafield>
  <datafield tag="020" ind1=" " ind2=" ">
    <subfield code="a">9789350518786</subfield>
    <subfield code="c">405.00</subfield>
  </datafield>
  <datafield tag="020" ind1=" " ind2=" ">
    <subfield code="a">9789350518786</subfield>
    <subfield code="c">445.00</subfield>
  </datafield>
  <datafield tag="035" ind1=" " ind2=" ">
    <subfield code="a">EN-90436</subfield>
  </datafield>
  <datafield tag="035" ind1=" " ind2=" ">
    <subfield code="a">B-527862-877</subfield>
  </datafield>
  <datafield tag="035" ind1=" " ind2=" ">
    <subfield code="a">B-663716</subfield>
  </datafield>
  <datafield tag="037" ind1=" " ind2=" ">
    <subfield code="b">DBAD/PUB</subfield>
  </datafield>
  <datafield tag="037" ind1=" " ind2=" ">
    <subfield code="b">HPH/Ven</subfield>
    <subfield code="a">dpl</subfield>
  </datafield>
  <datafield tag="082" ind1=" " ind2=" ">
    <subfield code="a">657.48</subfield>
  </datafield>
  <datafield tag="100" ind1=" " ind2=" ">
    <subfield code="a">Jawahar Lal</subfield>
  </datafield>
  <datafield tag="245" ind1=" " ind2=" ">
    <subfield code="a">Financial accounting :</subfield>
    <subfield code="c">by Jawahar Lal [and] Seema Srivastava</subfield>
    <subfield code="b">text and problems /</subfield>
  </datafield>
  <datafield tag="260" ind1=" " ind2=" ">
    <subfield code="a">Mumbai</subfield>
    <subfield code="b">Himalaya Publishing House</subfield>
    <subfield code="c">2012</subfield>
  </datafield>
  <datafield tag="270" ind1=" " ind2=" ">
    <subfield code="a">Ramdoot, Dr. Bhalerao Marg, Girgaon</subfield>
    <subfield code="b">Mumbai</subfield>
    <subfield code="e">400004</subfield>
  </datafield>
  <datafield tag="300" ind1=" " ind2=" ">
    <subfield code="a">xiv,858p. </subfield>
    <subfield code="c">32cm(pbk)</subfield>
  </datafield>
  <datafield tag="700" ind1=" " ind2=" ">
    <subfield code="a">Srivastava, Seema</subfield>
  </datafield>
  <datafield tag="942" ind1=" " ind2=" ">
    <subfield code="2">ddc</subfield>
    <subfield code="c">EN</subfield>
    <subfield code="h">657.48</subfield>
    <subfield code="m">JAW</subfield>
  </datafield>
  <datafield tag="999" ind1=" " ind2=" ">
    <subfield code="c">74790</subfield>
    <subfield code="d">74790</subfield>
  </datafield>
  <datafield tag="952" ind1=" " ind2=" ">
    <subfield code="0">0</subfield>
    <subfield code="1">0</subfield>
    <subfield code="2">ddc</subfield>
    <subfield code="4">0</subfield>
    <subfield code="7">1</subfield>
    <subfield code="8">NFIC</subfield>
    <subfield code="a">DBAD</subfield>
    <subfield code="b">DBAD</subfield>
    <subfield code="d">2013-04-22</subfield>
    <subfield code="e">DBAD/PUB</subfield>
    <subfield code="g">405.00</subfield>
    <subfield code="l">0</subfield>
    <subfield code="o">657.48 JAW</subfield>
    <subfield code="p">EN-90436</subfield>
    <subfield code="r">2013-04-22 00:00:00</subfield>
    <subfield code="t">1</subfield>
    <subfield code="v">405.00</subfield>
    <subfield code="w">2013-04-22</subfield>
    <subfield code="y">EN</subfield>
  </datafield>
  <datafield tag="952" ind1=" " ind2=" ">
    <subfield code="0">0</subfield>
    <subfield code="1">0</subfield>
    <subfield code="4">0</subfield>
    <subfield code="7">0</subfield>
    <subfield code="8">NFIC</subfield>
    <subfield code="a">L</subfield>
    <subfield code="b">L</subfield>
    <subfield code="d">2014-08-12</subfield>
    <subfield code="e">HPH/A445429/24.10.2013/29/10.10.2013/29.10.2013</subfield>
    <subfield code="g">405.00</subfield>
    <subfield code="l">10</subfield>
    <subfield code="m">2</subfield>
    <subfield code="o">657.48 JAW</subfield>
    <subfield code="p">B-527862</subfield>
    <subfield code="r">2022-12-30 00:00:00</subfield>
    <subfield code="s">2022-12-03</subfield>
    <subfield code="t">1</subfield>
    <subfield code="v">405.00</subfield>
    <subfield code="w">2014-08-12</subfield>
    <subfield code="y">EN</subfield>
  </datafield>
  <datafield tag="952" ind1=" " ind2=" ">
    <subfield code="0">0</subfield>
    <subfield code="1">0</subfield>
    <subfield code="4">0</subfield>
    <subfield code="7">0</subfield>
    <subfield code="8">NFIC</subfield>
    <subfield code="a">M</subfield>
    <subfield code="b">M</subfield>
    <subfield code="d">2014-08-12</subfield>
    <subfield code="e">HPH/A445429/24.10.2013/29/10.10.2013/29.10.2013</subfield>
    <subfield code="g">405.00</subfield>
    <subfield code="l">0</subfield>
    <subfield code="o">657.48 JAW</subfield>
    <subfield code="p">B-527863</subfield>
    <subfield code="r">2014-08-12 00:00:00</subfield>
    <subfield code="t">4</subfield>
    <subfield code="v">405.00</subfield>
    <subfield code="y">EN</subfield>
  </datafield>
  <datafield tag="952" ind1=" " ind2=" ">
    <subfield code="0">0</subfield>
    <subfield code="1">0</subfield>
    <subfield code="4">0</subfield>
    <subfield code="7">0</subfield>
    <subfield code="8">NFIC</subfield>
    <subfield code="a">M</subfield>
    <subfield code="b">M</subfield>
    <subfield code="d">2014-08-12</subfield>
    <subfield code="e">HPH/A445429/24.10.2013/29/10.10.2013/29.10.2013</subfield>
    <subfield code="g">405.00</subfield>
    <subfield code="l">0</subfield>
    <subfield code="o">657.48 JAW</subfield>
    <subfield code="p">B-527864</subfield>
    <subfield code="r">2014-08-12 00:00:00</subfield>
    <subfield code="t">4</subfield>
    <subfield code="v">405.00</subfield>
    <subfield code="y">EN</subfield>
  </datafield>
  <datafield tag="952" ind1=" " ind2=" ">
    <subfield code="0">0</subfield>
    <subfield code="1">0</subfield>
    <subfield code="4">0</subfield>
    <subfield code="7">0</subfield>
    <subfield code="8">NFIC</subfield>
    <subfield code="a">M</subfield>
    <subfield code="b">M</subfield>
    <subfield code="d">2014-08-12</subfield>
    <subfield code="e">HPH/A445429/24.10.2013/29/10.10.2013/29.10.2013</subfield>
    <subfield code="g">405.00</subfield>
    <subfield code="l">3</subfield>
    <subfield code="o">657.48 JAW</subfield>
    <subfield code="p">B-527865</subfield>
    <subfield code="q">2045-06-01</subfield>
    <subfield code="r">2018-01-15 00:00:00</subfield>
    <subfield code="s">2018-01-15</subfield>
    <subfield code="t">4</subfield>
    <subfield code="v">405.00</subfield>
    <subfield code="y">EN</subfield>
  </datafield>
  <datafield tag="952" ind1=" " ind2=" ">
    <subfield code="0">0</subfield>
    <subfield code="1">0</subfield>
    <subfield code="4">0</subfield>
    <subfield code="7">0</subfield>
    <subfield code="8">NFIC</subfield>
    <subfield code="a">M</subfield>
    <subfield code="b">M</subfield>
    <subfield code="d">2014-08-12</subfield>
    <subfield code="e">HPH/A445429/24.10.2013/29/10.10.2013/29.10.2013</subfield>
    <subfield code="g">405.00</subfield>
    <subfield code="l">0</subfield>
    <subfield code="o">657.48 JAW</subfield>
    <subfield code="p">B-527866</subfield>
    <subfield code="r">2014-08-12 00:00:00</subfield>
    <subfield code="t">4</subfield>
    <subfield code="v">405.00</subfield>
    <subfield code="y">EN</subfield>
  </datafield>
  <datafield tag="952" ind1=" " ind2=" ">
    <subfield code="0">1</subfield>
    <subfield code="1">0</subfield>
    <subfield code="4">0</subfield>
    <subfield code="7">0</subfield>
    <subfield code="8">NFIC</subfield>
    <subfield code="a">BL1</subfield>
    <subfield code="b">BL1</subfield>
    <subfield code="d">2014-08-12</subfield>
    <subfield code="e">HPH/A445429/24.10.2013/29/10.10.2013/29.10.2013</subfield>
    <subfield code="g">405.00</subfield>
    <subfield code="l">1</subfield>
    <subfield code="m">1</subfield>
    <subfield code="o">657.48 JAW</subfield>
    <subfield code="p">B-527867</subfield>
    <subfield code="q">2019-03-16</subfield>
    <subfield code="r">2019-02-16 00:00:00</subfield>
    <subfield code="s">2019-02-16</subfield>
    <subfield code="t">1</subfield>
    <subfield code="v">405.00</subfield>
    <subfield code="y">EN</subfield>
  </datafield>
  <datafield tag="952" ind1=" " ind2=" ">
    <subfield code="0">0</subfield>
    <subfield code="1">0</subfield>
    <subfield code="4">0</subfield>
    <subfield code="7">0</subfield>
    <subfield code="8">NFIC</subfield>
    <subfield code="a">KGM</subfield>
    <subfield code="b">KGM</subfield>
    <subfield code="d">2014-08-12</subfield>
    <subfield code="e">HPH/A445429/24.10.2013/29/10.10.2013/29.10.2013</subfield>
    <subfield code="g">405.00</subfield>
    <subfield code="l">0</subfield>
    <subfield code="o">657.48 JAW</subfield>
    <subfield code="p">B-527868</subfield>
    <subfield code="r">2014-08-12 00:00:00</subfield>
    <subfield code="t">1</subfield>
    <subfield code="v">405.00</subfield>
    <subfield code="y">EN</subfield>
  </datafield>
  <datafield tag="952" ind1=" " ind2=" ">
    <subfield code="0">0</subfield>
    <subfield code="1">0</subfield>
    <subfield code="4">0</subfield>
    <subfield code="7">0</subfield>
    <subfield code="8">NFIC</subfield>
    <subfield code="a">PR</subfield>
    <subfield code="b">PR</subfield>
    <subfield code="d">2014-08-12</subfield>
    <subfield code="e">HPH/A445429/24.10.2013/29/10.10.2013/29.10.2013</subfield>
    <subfield code="g">405.00</subfield>
    <subfield code="l">0</subfield>
    <subfield code="o">657.48 JAW</subfield>
    <subfield code="p">B-527869</subfield>
    <subfield code="r">2014-08-12 00:00:00</subfield>
    <subfield code="t">1</subfield>
    <subfield code="v">405.00</subfield>
    <subfield code="y">EN</subfield>
  </datafield>
  <datafield tag="952" ind1=" " ind2=" ">
    <subfield code="0">0</subfield>
    <subfield code="1">0</subfield>
    <subfield code="4">0</subfield>
    <subfield code="7">0</subfield>
    <subfield code="8">NFIC</subfield>
    <subfield code="a">JP</subfield>
    <subfield code="b">JP</subfield>
    <subfield code="d">2014-08-12</subfield>
    <subfield code="e">HPH/A445429/24.10.2013/29/10.10.2013/29.10.2013</subfield>
    <subfield code="g">405.00</subfield>
    <subfield code="l">17</subfield>
    <subfield code="m">1</subfield>
    <subfield code="o">657.48 JAW</subfield>
    <subfield code="p">B-527870</subfield>
    <subfield code="q">2017-04-08</subfield>
    <subfield code="r">2017-03-25 00:00:00</subfield>
    <subfield code="s">2017-03-25</subfield>
    <subfield code="t">1</subfield>
    <subfield code="v">405.00</subfield>
    <subfield code="y">EN</subfield>
  </datafield>
  <datafield tag="952" ind1=" " ind2=" ">
    <subfield code="0">0</subfield>
    <subfield code="1">0</subfield>
    <subfield code="4">0</subfield>
    <subfield code="7">0</subfield>
    <subfield code="8">NFIC</subfield>
    <subfield code="a">AG</subfield>
    <subfield code="b">AG</subfield>
    <subfield code="d">2014-08-12</subfield>
    <subfield code="e">HPH/A445429/24.10.2013/29/10.10.2013/29.10.2013</subfield>
    <subfield code="g">405.00</subfield>
    <subfield code="l">4</subfield>
    <subfield code="m">2</subfield>
    <subfield code="o">657.48 JAW</subfield>
    <subfield code="p">B-527871</subfield>
    <subfield code="r">2021-04-19 00:00:00</subfield>
    <subfield code="s">2021-03-19</subfield>
    <subfield code="t">1</subfield>
    <subfield code="v">405.00</subfield>
    <subfield code="y">EN</subfield>
  </datafield>
  <datafield tag="952" ind1=" " ind2=" ">
    <subfield code="0">0</subfield>
    <subfield code="1">0</subfield>
    <subfield code="4">0</subfield>
    <subfield code="7">0</subfield>
    <subfield code="8">NFIC</subfield>
    <subfield code="a">RKP</subfield>
    <subfield code="b">RKP</subfield>
    <subfield code="d">2014-08-12</subfield>
    <subfield code="e">HPH/A445429/24.10.2013/29/10.10.2013/29.10.2013</subfield>
    <subfield code="g">405.00</subfield>
    <subfield code="l">1</subfield>
    <subfield code="m">2</subfield>
    <subfield code="o">657.48 JAW</subfield>
    <subfield code="p">B-527872</subfield>
    <subfield code="r">2024-08-09 00:00:00</subfield>
    <subfield code="s">2024-07-22</subfield>
    <subfield code="t">1</subfield>
    <subfield code="v">405.00</subfield>
    <subfield code="y">EN</subfield>
  </datafield>
  <datafield tag="952" ind1=" " ind2=" ">
    <subfield code="0">0</subfield>
    <subfield code="1">0</subfield>
    <subfield code="4">0</subfield>
    <subfield code="7">0</subfield>
    <subfield code="8">NFIC</subfield>
    <subfield code="a">AG</subfield>
    <subfield code="b">AG</subfield>
    <subfield code="d">2014-08-12</subfield>
    <subfield code="e">HPH/A445429/24.10.2013/29/10.10.2013/29.10.2013</subfield>
    <subfield code="g">405.00</subfield>
    <subfield code="l">0</subfield>
    <subfield code="o">657.48 JAW</subfield>
    <subfield code="p">B-527873</subfield>
    <subfield code="r">2014-08-12 00:00:00</subfield>
    <subfield code="t">1</subfield>
    <subfield code="v">405.00</subfield>
    <subfield code="y">EN</subfield>
  </datafield>
  <datafield tag="952" ind1=" " ind2=" ">
    <subfield code="0">0</subfield>
    <subfield code="1">0</subfield>
    <subfield code="4">0</subfield>
    <subfield code="7">0</subfield>
    <subfield code="8">NFIC</subfield>
    <subfield code="a">ZLS</subfield>
    <subfield code="b">ZLS</subfield>
    <subfield code="d">2014-08-12</subfield>
    <subfield code="e">HPH/A445429/24.10.2013/29/10.10.2013/29.10.2013</subfield>
    <subfield code="g">405.00</subfield>
    <subfield code="l">2</subfield>
    <subfield code="o">657.48 JAW</subfield>
    <subfield code="p">B-527874</subfield>
    <subfield code="r">2022-05-10 00:00:00</subfield>
    <subfield code="s">2022-05-07</subfield>
    <subfield code="t">1</subfield>
    <subfield code="v">405.00</subfield>
    <subfield code="y">EN</subfield>
  </datafield>
  <datafield tag="952" ind1=" " ind2=" ">
    <subfield code="0">0</subfield>
    <subfield code="1">0</subfield>
    <subfield code="4">0</subfield>
    <subfield code="7">0</subfield>
    <subfield code="8">NFIC</subfield>
    <subfield code="a">ZLS</subfield>
    <subfield code="b">ZLS</subfield>
    <subfield code="d">2014-08-12</subfield>
    <subfield code="e">HPH/A445429/24.10.2013/29/10.10.2013/29.10.2013</subfield>
    <subfield code="g">405.00</subfield>
    <subfield code="l">6</subfield>
    <subfield code="m">2</subfield>
    <subfield code="o">657.48 JAW</subfield>
    <subfield code="p">B-527875</subfield>
    <subfield code="r">2023-08-17 00:00:00</subfield>
    <subfield code="s">2023-08-02</subfield>
    <subfield code="t">1</subfield>
    <subfield code="v">405.00</subfield>
    <subfield code="y">EN</subfield>
  </datafield>
  <datafield tag="952" ind1=" " ind2=" ">
    <subfield code="0">0</subfield>
    <subfield code="1">0</subfield>
    <subfield code="4">0</subfield>
    <subfield code="7">0</subfield>
    <subfield code="8">NFIC</subfield>
    <subfield code="a">VP</subfield>
    <subfield code="b">VP</subfield>
    <subfield code="d">2014-08-12</subfield>
    <subfield code="e">HPH/A445429/24.10.2013/29/10.10.2013/29.10.2013</subfield>
    <subfield code="g">405.00</subfield>
    <subfield code="l">18</subfield>
    <subfield code="m">3</subfield>
    <subfield code="o">657.48 JAW</subfield>
    <subfield code="p">B-527876</subfield>
    <subfield code="r">2025-02-14 00:00:00</subfield>
    <subfield code="s">2025-02-01</subfield>
    <subfield code="t">1</subfield>
    <subfield code="v">405.00</subfield>
    <subfield code="y">EN</subfield>
  </datafield>
  <datafield tag="952" ind1=" " ind2=" ">
    <subfield code="0">0</subfield>
    <subfield code="1">0</subfield>
    <subfield code="4">0</subfield>
    <subfield code="7">0</subfield>
    <subfield code="8">NFIC</subfield>
    <subfield code="a">BL4</subfield>
    <subfield code="b">BL4</subfield>
    <subfield code="d">2014-08-12</subfield>
    <subfield code="e">HPH/A445429/24.10.2013/29/10.10.2013/29.10.2013</subfield>
    <subfield code="g">405.00</subfield>
    <subfield code="l">4</subfield>
    <subfield code="o">657.48 JAW</subfield>
    <subfield code="p">B-527877</subfield>
    <subfield code="r">2023-01-28 00:00:00</subfield>
    <subfield code="s">2023-01-14</subfield>
    <subfield code="t">1</subfield>
    <subfield code="v">405.00</subfield>
    <subfield code="y">EN</subfield>
  </datafield>
  <datafield tag="952" ind1=" " ind2=" ">
    <subfield code="0">0</subfield>
    <subfield code="1">0</subfield>
    <subfield code="4">0</subfield>
    <subfield code="7">0</subfield>
    <subfield code="8">NFIC</subfield>
    <subfield code="a">AV</subfield>
    <subfield code="b">AV</subfield>
    <subfield code="d">2018-02-13</subfield>
    <subfield code="e">HPH/A455843/22.02.2017/352/15.02.2017/01.03.2017</subfield>
    <subfield code="g">445.00</subfield>
    <subfield code="l">4</subfield>
    <subfield code="o">657.48 JAW</subfield>
    <subfield code="p">B-663716</subfield>
    <subfield code="r">2022-03-30 00:00:00</subfield>
    <subfield code="s">2022-03-16</subfield>
    <subfield code="t">1</subfield>
    <subfield code="v">445.00</subfield>
    <subfield code="w">2018-02-13</subfield>
    <subfield code="y">EN</subfield>
  </datafield>
</record>
